Corrosion of aluminium /

Bibliographic Details
Main Author: Vargel, Christian (Author)
Corporate Author: Knovel (Firm)
Format: eBook
Language:English
Published: Amsterdam, Netherlands ; Cambridge, MA, United States : Elsevier, [2020]
Edition:Second edition.
Subjects:
Online Access:Connect to the full text of this electronic book

MARC

Tag First Indicator Second Indicator Subfields
LEADER 00000cam a2200000Mi 4500
001 in00005612721
006 m o d
007 cr |n|||||||||
008 200813s2020 ne a ob 001 0 eng d
005 20250113192755.3
035 |a (OCoLC)on1226363711 
040 |a UAB  |b eng  |e rda  |e pn  |c UAB  |d OCLCO  |d UKBTH  |d HS0  |d OCLCO  |d OCLCQ  |d OCLCO  |d OCLCL  |d YDX 
019 |a 1254071675  |a 1258665196  |a 1287268700  |a 1287882640  |a 1316383236  |a 1328997687 
020 |a 9780080999272  |q (electronic bk.) 
020 |a 0080999271  |q (electronic bk.) 
020 |z 9780080999258 
020 |z 0080999255 
035 |a (OCoLC)1226363711  |z (OCoLC)1254071675  |z (OCoLC)1258665196  |z (OCoLC)1287268700  |z (OCoLC)1287882640  |z (OCoLC)1316383236  |z (OCoLC)1328997687 
041 1 |a eng  |h fre 
050 4 |a TA480.A6  |b V3813 2020 
082 0 4 |a 620.1/8623  |2 23 
090 |a Internet Access  |b AER 
090 |a Internet Access  |b AEU 
049 |a TXAM 
100 1 |a Vargel, Christian,  |e author. 
240 1 0 |a Corrosion de l'aluminium.  |l English 
245 1 0 |a Corrosion of aluminium /  |c Christian Vargel ; foreword by Jean-Marc Germain ; translated by Hugh Dunlop. 
246 3 3 |a Corrosion of aluminum 
250 |a Second edition. 
264 1 |a Amsterdam, Netherlands ;  |a Cambridge, MA, United States :  |b Elsevier,  |c [2020] 
300 |a 1 online resource (xli, 813 pages ):  |b illustrations. 
336 |a text  |b txt  |2 rdacontent 
337 |a computer  |b c  |2 rdamedia 
338 |a online resource  |b cr  |2 rdacarrier 
500 |a Translated from the French. 
500 |a Previous edition of this translation: 2004. 
504 |a Includes bibliographical references and index. 
588 |a Description based on print version record. 
650 0 |a Aluminum  |x Corrosion. 
650 6 |a Aluminium  |x Corrosion. 
650 7 |a Aluminum  |x Corrosion  |2 fast 
655 E l
655 7 |a Electronic books.  |2 local 
710 2 |a Knovel (Firm) 
758 |i has work:  |a Corrosion of aluminium (Text)  |1 https://id.oclc.org/worldcat/entity/E39PCFw4pxGKBTWyMthV4JvT73  |4 https://id.oclc.org/worldcat/ontology/hasWork 
856 4 0 |u http://proxy.library.tamu.edu/login?url=https://app.knovel.com/hotlink/toc/id:kpCAE00002/corrosion-of-aluminium?kpromoter=marc  |z Connect to the full text of this electronic book  |t 0 
955 |a Knovel ebooks 
994 |a 92  |b TXA 
999 f f |s cd6f4aa1-898e-4e58-a9dd-39703d5d4940  |i dd7edb7e-cff8-4b93-af86-bfaa6c63906f  |t 0 
952 f f |a Texas A&M University  |b College Station  |c Electronic Resources  |d Available Online  |t 0  |e TA480.A6 V3813 2020  |h Library of Congress classification 
998 f f |a TA480.A6 V3813 2020  |t 0  |l Available Online